00638nam a2200229 a 4500001001300000003000900013005001700022008004100039020001000080082001600090100002500106245005300131260003300184300000900217500003500226505001000261650001300271902000800284942000700292952009400299999001500393nice12345678IN_TiNIC20260116011543.0050524s1891 lona grp 000 0 eng  ac10000a294.5bBUR1 aBurnell, Arthur Coke aOrdinance of Manub Translated from the Sanskrit aLondonbTrubner and Coc1891 a399p aincludes index and biblioraphy2 aindex aHinduism bSRS cBK 00104070aHMIbHMId2007-07-23g100.00l0o294.5 BUR1p263r2007-07-23w2026-01-16yEB c2568d2568